000
00277nam a2200109Ia 4500
008
190216s9999||||xx |||||||||||||| ||und||
100
_a
Tapan P Bagchi
245
0
_a
"Iso 9000 Concepts, Methods And Implementation"
260
_b
Kalyani Pub:-
_c
1996
300
_a
408p
942
_c
BK
999
_c
5621
_d
5621